000 00699nam a2200241Ia 4500
008 160319s9999 xx 000 0 und d
020 _a9715551440
050 _a400
050 _bAn562 1996
245 4 _aThe Andrew B. Gonzalez, FSC reader /
245 _cedited by Bernardo S. Oca
260 _aMalate, Manila, Philippines :
260 _bDe La Salle University Press,
260 _c1996
300 _a287 pages :
300 _c23 cm. 
440 _aSociety of fellows series ; 1
650 _a Philippines -- Languages.
650 _aGonzalez, Andrew B.
650 _aNationalism -- Philippines. 
650 _aPhilippines -- Languages --
650 _xPolitical aspects.
999 _c292144
_d292144